000 00509nam a2200169Ia 4500
003 GCL
008 140319s9999 xx 000 0 ara d
040 _aGCL /
_cGCL
082 0 4 _a330.121
_bم و
100 1 _aمحمد شوقى الفنجرى
245 1 0 _aالوجيز فى الاقتصاد الاسلامى /
_cمحمد شوقى الفنجرى
300 _a82
490 _a
650 0 4 _aالاقتصاد الاسلامى
650 0 4 _aالنظام المالى فى الاسلام
942 _2ddc
_cBK
999 _c40859
_d40859